[Event "HUN-chT2 Szechenyi 0607"]
[Site "Hungary"]
[Date "2007.05.20"]
[Round "11"]
[White "Szabo, Gabor1111"]
[Black "Palotas, Peter"]
[Result "1-0"]
[WhiteElo "1851"]
[BlackElo "1839"]
[PlyCount "41"]
[EventDate "2006.11.12"]
[EventType "team"]
[EventRounds "11"]
[EventCountry "HUN"]
[SourceTitle "EXT 2008"]
[Source "ChessBase"]
[SourceDate "2007.11.25"]
[SourceVersion "1"]
[SourceVersionDate "2007.11.25"]
[SourceQuality "1"]
[WhiteTeam "Gyor Komszomol"]
[BlackTeam "Arboretum"]
[WhiteTeamCountry "HUN"]
[BlackTeamCountry "HUN"]

1. e4 e5 2. Nf3 Nc6 3. Bc4 Bc5 4. c3 Nf6 5. d4 exd4 6. cxd4 Bb4+ 7. Nc3 Bxc3+ 8. bxc3 Nxe4 9. 0-0 0-0 10. d5 Ne7 11. Re1 Nd6 12. Bd3 Nxd5 13. Bxh7+ Kxh7 14. Qxd5 Qf6 15. Bg5 Qg6 16. Nh4 Qh5 17. Re5 Qg4 18. Be7 Re8 19. h3 Qc4 20. Rh5+ Kg8 21. Ng6 1-0

[Event "Budapest FS04 FM-B"]
[Site "Budapest"]
[Date "2007.04.16"]
[Round "10"]
[White "Zsipi, Alex Mark"]
[Black "Palotas, Peter"]
[Result "0-1"]
[WhiteElo "1885"]
[BlackElo "1892"]
[PlyCount "38"]
[EventDate "2007.04.07"]
[EventType "tourn"]
[EventRounds "10"]
[EventCountry "HUN"]
[EventCategory "1"]
[SourceTitle "CBM 117 Extra"]
[Source "ChessBase"]
[SourceDate "2007.05.09"]
[SourceVersion "1"]
[SourceVersionDate "2007.05.09"]
[SourceQuality "1"]

1. e4 c5 2. Nf3 a6 3. c3 d5 4. exd5 Qxd5 5. d4 Nc6 6. Be3 cxd4 7. Nxd4 Nxd4 8. Qxd4 Nf6 9. Bc4 Qxd4 10. Bxd4 b5 11. Bb3 Bb7 12. 0-0 e6 13. Nd2 Rd8 14. Rad1 Bd6 15. Rfe1 0-0 16. Bc2 Rfe8 17. Nb3 Bc7 18. Be5 Bxe5 19. Rxe5 Be4 0-1

[Event "Budapest FS04 FM-B"]
[Site "Budapest"]
[Date "2007.04.14"]
[Round "8"]
[White "Palotas, Peter"]
[Black "Surinya, Tibor"]
[Result "1-0"]
[WhiteElo "1892"]
[BlackElo "1837"]
[PlyCount "59"]
[EventDate "2007.04.07"]
[EventType "tourn"]
[EventRounds "10"]
[EventCountry "HUN"]
[EventCategory "1"]
[SourceTitle "CBM 117 Extra"]
[Source "ChessBase"]
[SourceDate "2007.05.09"]
[SourceVersion "1"]
[SourceVersionDate "2007.05.09"]
[SourceQuality "1"]

1. d4 Nf6 2. c4 e6 3. Nf3 Bb4+ 4. Bd2 Qe7 5. g3 Nc6 6. Bg2 Bxd2+ 7. Nbxd2 d6 8. 0-0 a5 9. e4 e5 10. d5 Nb8 11. Ne1 0-0 12. Nd3 b6 13. f4 exf4 14. gxf4 Ra7 15. Qe2 Re8 16. Rae1 Bg4 17. Qe3 Bc8 18. h3 Nfd7 19. Nb3 Ba6 20. Qc1 g6 21. e5 dxe5 22. fxe5 Nf8 23. Qf4 Qd7 24. e6 Nxe6 25. dxe6 Rxe6 26. Rxe6 Qxe6 27. Bd5 Qf5 28. Qh6 Qxd5 29. cxd5 Bxd3 30. Re1 1-0

[Event "Budapest FS04 FM-B"]
[Site "Budapest"]
[Date "2007.04.08"]
[Round "2"]
[White "Palotas, Peter"]
[Black "Feher, Laszlo1111"]
[Result "1/2-1/2"]
[WhiteElo "1892"]
[BlackElo "1867"]
[PlyCount "79"]
[EventDate "2007.04.07"]
[EventType "tourn"]
[EventRounds "10"]
[EventCountry "HUN"]
[EventCategory "1"]
[SourceTitle "CBM 117 Extra"]
[Source "ChessBase"]
[SourceDate "2007.05.09"]
[SourceVersion "1"]
[SourceVersionDate "2007.05.09"]
[SourceQuality "1"]

1. d4 Nf6 2. c4 g6 3. g3 Bg7 4. Bg2 d6 5. Nf3 0-0 6. Nc3 Nbd7 7. 0-0 e5 8. dxe5 dxe5 9. Qc2 Qe7 10. Nd5 Nxd5 11. cxd5 Nb6 12. e4 f5 13. Rd1 fxe4 14. Qxe4 Bf5 15. Qe2 Bg4 16. h3 Bxf3 17. Bxf3 Qf7 18. Be4 Rad8 19. Bg5 Rd7 20. Rac1 Kh8 21. Be3 Nc8 22. Bc5 Rfd8 23. Rd3 b6 24. Rf3 Qe8 25. Be3 Nd6 26. Bg5 Rc8 27. Bc2 Rf7 28. Rxf7 Nxf7 29. Bd2 Qd7 30. Qg4 Qxg4 31. hxg4 c5 32. Bc3 Nd6 33. f4 exf4 34. Bxg7+ Kxg7 35. gxf4 Rf8 36. Rf1 Nc4 37. Rf3 Ne5 38. Ra3 Nxg4 39. Rxa7+ Rf7 40. Rxf7+ 1/2-1/2

[Event "Budapest FS02 FM-B"]
[Site "Budapest"]
[Date "2007.02.10"]
[Round "8"]
[White "Palotas, Peter"]
[Black "Zoltan, Andras"]
[Result "1-0"]
[WhiteElo "1842"]
[BlackElo "2013"]
[PlyCount "77"]
[EventDate "2007.02.03"]
[EventType "tourn"]
[EventRounds "11"]
[EventCountry "HUN"]
[SourceTitle "CBM 116 Extra"]
[Source "ChessBase"]
[SourceDate "2007.03.07"]
[SourceVersion "1"]
[SourceVersionDate "2007.03.07"]
[SourceQuality "1"]

1. d4 d5 2. c4 Nc6 3. cxd5 Qxd5 4. e3 e5 5. Nc3 Bb4 6. Bd2 Bxc3 7. bxc3 exd4 8. cxd4 Nf6 9. f3 0-0 10. Bd3 Bf5 11. Bc2 Nxd4 12. exd4 Rfe8+ 13. Ne2 Rxe2+ 14. Qxe2 Re8 15. Be3 Qa5+ 16. Kf2 Nd5 17. Bxf5 Rxe3 18. Qb2 g6 19. Be4 Nb6 20. Rhc1 Na4 21. Qc2 Rc3 22. Qe2 Qb4 23. Rxc3 Nxc3 24. Qe1 Qxd4+ 25. Kf1 b5 26. Rc1 Qc4+ 27. Kf2 Qc5+ 28. Kg3 Qe5+ 29. f4 Nxe4+ 30. Kf3 Qh5+ 31. Kxe4 Qg4 32. Qd2 Qc8 33. Rd1 Qe6+ 34. Kf3 c5 35. Qd5 Qa6 36. Qe5 Qa3+ 37. Kg4 h5+ 38. Kg5 Qa5 39. Kh6 1-0